[Event "FICGS class E 000123 email"]
[Site "FICGS email"]
[Date "2010.05.26"]
[Round "1"]
[White "Gramajo, Francisco"]
[Black "Chhawchharia, Gaurav"]
[Result "0-1"]
[WhiteElo "1248"]
[BlackElo "1206"]
[PlyCount "48"]
[EventDate "2010.??.??"]
[EventType "tourn (corr)"]
[EventRounds "6"]
[SourceTitle "Corr 2013"]
[Source "ChessBase"]
[SourceDate "2012.11.12"]
[SourceVersion "1"]
[SourceVersionDate "2012.11.12"]
[SourceQuality "1"]

1. e4 e5 2. Nf3 Nc6 3. Bb5 Nf6 4. 0-0 Bd6 5. d3 Ne7 6. Bg5 Nh5 7. Nbd2 h6 8. Bh4 0-0 9. g4 Nf4 10. Bg3 Neg6 11. h4 h5 12. g5 f6 13. Nc4 Be7 14. Ne3 fxg5 15. Nf5 Nh3+ 16. Kg2 g4 17. Nxe7+ Qxe7 18. Ng1 Nxh4+ 19. Bxh4 Qxh4 20. Nxh3 Qxh3+ 21. Kg1 d6 22. Qd2 Rf3 23. Rae1 g3 24. fxg3 Rxg3+ 0-1

[Event "FICGS rapid E 000028 email"]
[Site "FICGS email"]
[Date "2010.05.22"]
[Round "1"]
[White "Stoyanov, Zdravko"]
[Black "Chhawchharia, Gaurav"]
[Result "0-1"]
[WhiteElo "1297"]
[BlackElo "1206"]
[PlyCount "104"]
[EventDate "2010.??.??"]
[EventType "tourn (rapid)"]
[EventRounds "6"]
[SourceTitle "Corr 2013"]
[Source "ChessBase"]
[SourceDate "2012.11.12"]
[SourceVersion "1"]
[SourceVersionDate "2012.11.12"]
[SourceQuality "1"]

1. e4 e5 2. Nf3 d6 3. h3 Nf6 4. c3 a6 5. a3 Nc6 6. d3 h6 7. Be2 Be7 8. 0-0 0-0 9. Re1 Be6 10. c4 Nd4 11. Nxd4 exd4 12. b3 c5 13. Bd2 b6 14. Bf3 Nd7 15. e5 Ra7 16. exd6 Bxd6 17. Bg4 Re8 18. Bxe6 Rxe6 19. Rxe6 fxe6 20. Qg4 Qf6 21. b4 Ne5 22. Qe4 Rf7 23. Be1 cxb4 24. Ra2 bxa3 25. Nxa3 Qf4 26. Qxf4 Rxf4 27. g3 Rf3 28. Nc2 Rxd3 29. Rxa6 Nxc4 30. Ra8+ Kh7 31. Rc8 Bc5 32. Rc6 e5 33. Kg2 e4 34. Bb4 Bxb4 35. Nxb4 Rc3 36. Nd5 Rc2 37. Kf1 e3 38. fxe3 Nxe3+ 39. Nxe3 Rxc6 40. Nd1 Re6 41. Kf2 d3 42. Ne3 d2 43. g4 Rd6 44. Ke2 b5 45. Kd1 b4 46. Nc4 b3 47. Nxd2 b2 48. Kc2 Rxd2+ 49. Kb1 g5 50. Ka2 Kg6 51. Kb1 Kf6 52. Ka2 Ke5 0-1